000 01333nam a2200361 4500
001 99
003 OSt
005 20250528074011.0
008 250124b |||||||e |||| 00| 1 eng d
040 _bpor
041 _hfre
_apor
082 _a843
_bC211p
100 1 _aCamus, Albert,
_d1913-1960
_9215
240 _aLa peste
245 _aA peste /
_cCamus, Albert ; Tradução de Valerie Rumjanek
260 _aSão Paulo
_bAbril
_c1984
300 _a219 p.
490 1 _aGrandes Romancistas
520 _aUma epidemia assola uma cidade, como a ocupação nazista assolará a França. A epidemia cessa - a ocupação termina - mas a apatia que cercava a vontade humana volta a imperar. Neste clássico do escritor existencialista francês Albert Camus, Prêmio Nobel de Literatura em 1957, uma cidade argelina tomada pela peste bubônica serve como metáfora dos horrores da Segunda Guerra Mundial.
650 0 _aLiteratura francesa
_9122
650 0 _aFilosofia
_94
650 0 _aPrêmio Nobel
_9191
650 0 _aExistencialismo
_9217
650 0 _aAbsurdismo
_9661
650 0 _a2° Guerra Mundial
_956
650 0 _aDrama
_918
650 0 _aClássicos
_977
655 0 _aRomance
_923
655 0 _aFicção
_922
700 _aValerie Rumjanek
_eTradutor
_9216
830 _aGrandes Romancistas
_9126
942 _2ddc
_n0
_cBK
999 _c99
_d99